000 00357nam a2200133Ia 4500
008 240624s9999 xx 000 0 und d
041 _aeng
082 _a658.314 DIB
100 _aDIBBLE SUZANNE
245 _aKEEPING YOUR VALUABLE EMPLOYEES RETENTIO
260 _c1999
_aNew York
_bJohn Wiley and Sons
300 _axv, : 284 : p. : cm. ; 23
365 _c
_b35
999 _c7553
_d7553